[Event "Vila de Marin op 5th"]
[Site "Vila de Marin"]
[Date "2005.08.26"]
[Round "6"]
[White "De la Fuente Arias, Fernando J"]
[Black "Astaneh Lopez, Alex"]
[Result "0-1"]
[WhiteElo "2185"]
[BlackElo "2304"]
[PlyCount "64"]
[EventDate "2005.08.21"]
[EventType "swiss"]
[EventRounds "9"]
[EventCountry "ESP"]
[SourceTitle "CBM 108 Extra"]
[Source "ChessBase"]
[SourceDate "2005.11.04"]
[SourceVersion "1"]
[SourceVersionDate "2005.11.04"]
[SourceQuality "1"]

1. e4 c5 2. Nf3 d6 3. Bb5+ Nd7 4. d4 Ngf6 5. Nc3 cxd4 6. Qxd4 e5 7. Qd3 h6 8. Be3 Be7 9. 0-0 0-0 10. Rfd1 a6 11. Bc4 Qc7 12. a4 Nc5 13. Bxc5 Qxc5 14. Nd5 Nxd5 15. Qxd5 Qc7 16. Qd3 Kh8 17. Bd5 f5 18. Ra3 fxe4 19. Qxe4 Bf5 20. Qe2 Rab8 21. c4 Bg4 22. h3 Bh5 23. Rc3 b6 24. Qd2 Rf4 25. Re1 Rbf8 26. Ree3 Qd7 27. Be4 Qxa4 28. Qd5 Qa1+ 29. Kh2 Qxb2 30. Qe6 Rxe4 31. Qxe7 Ref4 32. Qxd6 Bxf3 0-1

[Event "Vila de Marin op 5th"]
[Site "Vila de Marin"]
[Date "2005.08.25"]
[Round "5"]
[White "Garcia Castro, Pablo"]
[Black "De la Fuente Arias, Fernando J"]
[Result "1/2-1/2"]
[WhiteElo "2377"]
[BlackElo "2185"]
[PlyCount "155"]
[EventDate "2005.08.21"]
[EventType "swiss"]
[EventRounds "9"]
[EventCountry "ESP"]
[SourceTitle "CBM 108 Extra"]
[Source "ChessBase"]
[SourceDate "2005.11.04"]
[SourceVersion "1"]
[SourceVersionDate "2005.11.04"]
[SourceQuality "1"]

1. e4 c5 2. Nf3 d6 3. g3 Nc6 4. Bg2 Nf6 5. d3 g6 6. 0-0 Bg7 7. Re1 0-0 8. c3 e5 9. a3 Qc7 10. b4 Re8 11. Bb2 Rb8 12. Nbd2 Bd7 13. Nf1 b5 14. Ne3 h6 15. Nh4 Qd8 16. Qd2 Kh7 17. Rab1 a6 18. Rf1 Rc8 19. Rfe1 Be6 20. Nd5 cxb4 21. Nxb4 Nb8 22. a4 bxa4 23. c4 a5 24. Nd5 Bxd5 25. cxd5 Nbd7 26. Bc3 Ra8 27. d4 exd4 28. Bxd4 Rc8 29. f4 Nc5 30. e5 Nfd7 31. e6 Nb3 32. Rxb3 Bxd4+ 33. Qxd4 axb3 34. Be4 Qb6 35. Qxb6 Nxb6 36. f5 fxe6 37. fxe6 Rg8 38. Rf1 Rc7 39. Nxg6 Rxg6 40. Rf6 Nxd5 41. Rxg6 Nc3 42. Bd3 Re7 43. Rg4+ Kh8 44. Rc4 Nd1 45. Rc8+ Kg7 46. Bc4 a4 47. Ra8 Nb2 48. Bd5 Kf6 49. Kg2 Ke5 50. Ra5 Kd4 51. Kf3 Nc4 52. Bxc4 Kxc4 53. Rxa4+ Kc3 54. Ra6 Rxe6 55. Rc6+ Kd3 56. g4 b2 57. Rb6 Kc2 58. Rc6+ Kd1 59. Rb6 Kc1 60. Rc6+ Kd1 61. Rb6 Re2 62. Rxd6+ Rd2 63. Rb6 Rxh2 64. Rd6+ Kc1 65. Rc6+ Kd2 66. Rd6+ Kc1 67. Rc6+ Kd1 68. Rd6+ Rd2 69. Rxh6 b1Q 70. Rh1+ Kc2 71. Rxb1 Kxb1 72. g5 Kc2 73. Ke4 Rg2 74. Kf5 Kd3 75. g6 Kd4 76. Kf6 Kd5 77. g7 Kd6 78. Kf7 1/2-1/2